Introductory econometrics : (Record no. 1578)

000 -LEADER
fixed length control field 01319nam a22003737a 4500
001 - CONTROL NUMBER
control field 15158522
003 - CONTROL NUMBER IDENTIFIER
control field OSt
005 - DATE AND TIME OF LATEST TRANSACTION
control field 20210423062222.0
008 - FIXED-LENGTH DATA ELEMENTS--GENERAL INFORMATION
fixed length control field 080128s2009 ohua b 001 0 eng
010 ## - LIBRARY OF CONGRESS CONTROL NUMBER
LC control number 2008921832
Canceled/invalid LC control number 2007942361
020 ## - INTERNATIONAL STANDARD BOOK NUMBER
International Standard Book Number 9780324581621 (student ed. package)
020 ## - INTERNATIONAL STANDARD BOOK NUMBER
International Standard Book Number 0324581629 (student ed. package)
020 ## - INTERNATIONAL STANDARD BOOK NUMBER
International Standard Book Number 9780324660609 (access code card)
020 ## - INTERNATIONAL STANDARD BOOK NUMBER
International Standard Book Number 032466060X (access code card)
020 ## - INTERNATIONAL STANDARD BOOK NUMBER
International Standard Book Number 9780324660548 (student ed.)
020 ## - INTERNATIONAL STANDARD BOOK NUMBER
International Standard Book Number 0324660545 (student ed.)
040 ## - CATALOGING SOURCE
Original cataloging agency DLC
Transcribing agency DLC
Modifying agency DLC
041 ## - LANGUAGE CODE
Language code of sung or spoken text eng
050 00 - LIBRARY OF CONGRESS CALL NUMBER
Classification number HB139
Item number .W665 2009
080 ## - UNIVERSAL DECIMAL CLASSIFICATION NUMBER
Universal Decimal Classification number 33
Item number W-83
082 00 - DEWEY DECIMAL CLASSIFICATION NUMBER
Classification number 330.01/5195
Edition number 22
100 1# - MAIN ENTRY--PERSONAL NAME
Personal name Wooldridge, Jeffrey M.,
Dates associated with a name 1960-
245 10 - TITLE STATEMENT
Title Introductory econometrics :
Remainder of title a modern approach /
Statement of responsibility, etc. Jeffrey M. Wooldridge.
250 ## - EDITION STATEMENT
Edition statement 4th ed.
260 ## - PUBLICATION, DISTRIBUTION, ETC.
Place of publication, distribution, etc. Mason, OH :
Name of publisher, distributor, etc. South Western, Cengage Learning,
Date of publication, distribution, etc. c2009.
300 ## - PHYSICAL DESCRIPTION
Extent xx, 865 p. :
Other physical details ill. ;
Dimensions 25 cm. +
Accompanying material 1 access code card.
500 ## - GENERAL NOTE
General note Access code card to eResources: Data sets, Solutions manual, and EconApps included.
504 ## - BIBLIOGRAPHY, ETC. NOTE
Bibliography, etc. note Includes bibliographical references and index.
650 #0 - SUBJECT ADDED ENTRY--TOPICAL TERM
Topical term or geographic name entry element Econometrics.
653 ## - INDEX TERM--UNCONTROLLED
Uncontrolled term ეკონომიკა
906 ## - LOCAL DATA ELEMENT F, LDF (RLIN)
a 7
b cbc
c orignew
d 3
e epcn
f 20
g y-gencatlg
942 ## - ADDED ENTRY ELEMENTS (KOHA)
Source of classification or shelving scheme
Koha item type Books
Holdings
Withdrawn status Lost status Source of classification or shelving scheme Damaged status Not for loan Permanent location Current location Date acquired Inventory number Total Checkouts Full call number Barcode Date last seen Price effective from Koha item type
          Ken Walker International University Ken Walker International University 02/19/2021 1396   33 W-83 1396 02/19/2021 02/19/2021 Books

Powered by Koha